MDQL
is popping MORE tags! Check the
thread
!
Quizzes
Events
Quiz Creation
Community
Videos
Private Events
Remove Ads
Sign In
Join for FREE
Feedback
Dark Mode
Quiz Categories
Sports
Geography
Music
Movies
Television
Just For Fun
Miscellaneous
History
Literature
Language
Science
Gaming
Entertainment
Religion
Holiday
For Kids
Quiz Lab
Recent
Popular Today
Quiz Kudos Today
Editor Picks
Curator Picks
Quizzes by...
Day
Popularity
Type
Ratings
Length
Year
Community
Subscriptions
Recent Discussions
Orange Saloon
Badges
Playlists
Quests
Create
Leaderboards
Showdown
Live 5
Trivia Bingo
Activity
Puzzle Library
Sporcle Events
Private Events
Virtual Trivia
Globe League
Become a Host
Pub Owners
SporcleCon
Opinionation
Our Games
Videos
Blog
Mobile Apps
Partnerships
Remove Ads and Go Orange
Feedback
Gaming
Video Games
Board Games
Card Games
Pokémon
Mario
Nintendo
Minecraft
Console
Toys
Legend of Zelda
Gaming
Video Games
Board Games
Card Games
Pokémon
Mario
Nintendo
Minecraft
Console
Toys
Legend of Zelda
Random Quiz
Search Sporcle
×
Quiz Lab
Quiz Lab
Gaming
class
Type in answers that appear in a list
Type in answers that appear in a list
Classic
Best Score? Go Orange.
All Fire Emblem 6 Characters Stats
Can you name the All Fire Emblem 6 Characters?
By
hnd03
10m
105 Questions
147 Plays
147 Plays
147 Plays
Comments
Comments
Give Quiz Kudos
Give Quiz Kudos
-
- Ratings
hide this ad
Replay
Link that replays current quiz
Next Quiz
Link to next quiz in quiz playlist
You Got
0%
They Got
Avg Score
58%
Avg Friend Score
Upgrade to see
Score Distribution
Jump to the score distribution portion of the page
Score
0/105
Timer
10:00
0
Plays Today
Chapter
Character
% Correct
Chapter 1
Roy
97.3%
Chapter 1
Marcus
91.1%
Chapter 1
Wolt
89.7%
Chapter 1
Lance
89%
Chapter 1
Alan
86.3%
Chapter 1
Bors
86.3%
Chapter 2
Merlinus
86.3%
Chapter 2
Dieck
83.6%
Chapter 3
Lugh
83.6%
Chapter 8
Lilina
83.6%
Chapter 3
Chad
82.9%
Chapter 11A/
10B
Klein
82.2%
Chapter 22
Zephiel
82.2%
Chapter 4
Clarine
81.5%
Chapter 9
Fir
81.5%
Chapter 2
Ellen
80.8%
Chapter 2
Lot
80.8%
Chapter 4
Rutger
80.1%
Chapter 6
Sue
80.1%
Chapter 8
Wendy
80.1%
Chapter 11B
Bartre
80.1%
Chapter 12
Ray
80.1%
Chapter 14
Sophia
79.5%
Chapter 1
Eliwood
79.5%
Chapter 7
Noah
78.8%
Chapter 15
Fa
78.8%
Chapter 2
Thany
78.1%
Chapter 6
Dorothy
78.1%
Chapter 7
Zealot
78.1%
Chapter 9
Shin
78.1%
Chapter 10A/
11B
Geese
78.1%
Chapter 23
Karel
78.1%
Chapter 2
Ward
77.4%
Chapter 6
Saul
77.4%
Chapter 7
Treck
77.4%
Chapter
Character
% Correct
Chapter 8
Barth
76.7%
Chapter 10A/
10B
Gonzales
76.7%
Chapter 11A
Echidna
76.7%
Chapter 8
Oujay
76%
Chapter 15
Igrene
75.3%
Chapter 8
Astol
74.7%
Chapter 11A/
10B
Tate
74.7%
Chapter 3
Hector
74.7%
Chapter 20B
Yuno
74.7%
Chapter 11A
Lalum
72.6%
Chapter 13
Miledy
72.6%
Chapter 13/
15
Percival
72.6%
Chapter 14
Cecilia
72.6%
Chapter 16
Hugh
72.6%
Chapter 20A/
19B
Niime
71.9%
Chapter 12
Cath
70.5%
Chapter 20A
Dayan
70.5%
Chapter 11B
Elphin
69.9%
Chapter 16
Zeiss
68.5%
Chapter 16X
Douglas
68.5%
Chapter 15
Garret
67.8%
Chapter 21
Yodel
67.8%
Final Chapter
Idoun
67.8%
Chapter 21
Murdock
65.1%
Chapter 2
Guinevere
59.6%
Chapter 23
Brenya
59.6%
Chapter 4
Erik
58.9%
Chapter 21
Gale
56.8%
Chapter 24
Yahn
55.5%
Chapter 8
Leygance
50.7%
Chapter 16
Narshen
50.7%
Chapter 2
Rude
50%
Chapter 6
Wagner
45.2%
Chapter 8X
Henning
43.2%
Chapter 14
Rose
41.1%
Chapter
Character
% Correct
Chapter 7
Devias
40.4%
Chapter 11A
Oro
39.7%
Chapter 1
Damas
39%
Chapter 3
Slater
37.7%
Chapter 9
Scott
37.7%
Chapter 14
Maggie
37%
Chapter 17A/
17B
Arcard
37%
Chapter 13
Flaer
36.3%
Chapter 20A/
20B
Roartz
35.6%
Chapter 5
Dory
34.9%
Chapter 19A
Gel
34.9%
Chapter 12
Aine
33.6%
Chapter 19B
Sigune
31.5%
Chapter 10B
Zinc
29.5%
Chapter 10A
Nord
28.8%
Chapter 14
Randy
28.1%
Chapter 14X
Ohtz
28.1%
Chapter 16
Mordred
28.1%
Chapter 11B
Morgan
26%
Chapter 18A
Monke
23.3%
Chapter 16X
Windam
22.6%
Chapter 21X
Pereth
22.6%
Chapter 15
Raeth
21.9%
Chapter 10B
Mary
21.2%
Chapter 10B
Scollan
20.5%
Chapter 20BX
Teck
20.5%
Chapter 18B
Martel
19.2%
Chapter 20AX
Chan
18.5%
Chapter 10B
Myu
17.8%
Chapter 20AX
Kudoka
16.4%
Chapter 20AX
Kabul
16.4%
Chapter 20AX
Brakul
16.4%
Chapter 20A/
20AX
Thoril
15.1%
Chapter 12X
Grero
13%
Chapter 20AX
Marral
10.3%
Quiz Playlist
Details
Report
Send in Message
Add To Playlist
Classic:
Type in answers that appear in a list
Last Updated: Feb 16, 2017
Quiz Scoreboard
CHALLENGE
Sign Up to Join the Scoreboard
Show All
Scores
Hide
Comments
May contain spoilers
Recently Published
Image Sorting: Flags VI
by Barbecue
Geography
2m
Find the 'City' Movie
by crazypaving
Movies
60s
Colored Red Africa Blitz
by spor1
Geography
45s
More to Explore
Quiz From the Vault
Featured Blog Post
14 Easter Pick-up Lines to Find Eggs With
hide this ad
You Might Also Like...
Tags
Chapter
Character
class
emblem
fire
Today's Top Quizzes in Gaming
Browse Gaming
hide this ad
Today's Top Quizzes in class
Browse class
Top Contributed Quizzes in Gaming
1
League of Legends Pro Players by Career/Team History
2
Destiny 2 exotic weapons by perk icons
3
Genshin Impact Logic Puzzle
4
Genshin murder mystery
5
Dead By Daylight Logic Puzzle
6
4x4 Decades: Video Games
7
Ultimate Genshin Impact Logic Puzzle (up to 4.3)
8
Overwatch Logic Puzzle
9
Who's on the WWE 2K24 Cover?
10
Overwatch 2: Ultimate Ability Icons
Explore More
Trending Topics
Harry Potter
Crossword
Marvel
Anime
NBA
Disney
Kpop
Pokémon
Country
The Office
NFL
Soccer
Puzzle
Song
WWE
hide this ad
More By:
hnd03
Quiz
Plays
Rating
Category
Featured
Created
Weapons in Fire Emblem 6
634
4.00
Gaming
Feb 1, 2010
Fire Emblem 8: Sacred Stones Characters
623
Gaming
Jan 22, 2010
Members of the Felt by power
259
Entertainment
Jun 17, 2011
Meet the Sniper Lines
190
5.00
Gaming
Jan 11, 2011
All Fire Emblem 6 Characters
147
4.00
Gaming
Nov 24, 2009
Go to Creator's Profile
Score Distribution
Quiz Creator Spotlight
hnd03
Follow
Send a Message
Quizzes Created
-
Created Quiz Play Count
-
More By This Creator
Popular Quizzes Today
1
Colored Red Africa Blitz
2
Find the US States - No Outlines Minefield
3
Find the 'City' Movie
4
5x2 Blitz: Bands
5
The Countries of the World
6
Find the US States
7
Find the Countries of Europe - No Outlines Minefield
8
US States
More Gaming Quizzes
Bug Pokémon (Gen I)
Published
Trending Quizzes
Colored Red Europe Blitz I
Colored Red Africa Blitz II
Colored Red Europe Blitz II
Colored Red Africa Blitz III
Colored Red Europe Blitz III
Recently Updated
How Do You Spell That?
pecheneg
Godzilla Movies
pecheneg
Grab Bag: 4-10 Letters
pecheneg
2024 March Madness Bracket
pecheneg
Famous TV Couples
Peacemaker
Champions League XIs: Real Madrid
pecheneg
Largest US Cities 1790-2010
pecheneg
Rides in Walt Disney World
pecheneg
Most Oscar Losses (Acting)
pecheneg
Beyoncé Albums
pecheneg
Trending Topics
Kpop
NBA
Harry Potter
Crossword
Marvel
Disney
Anime
WWE
NFL
Soccer
Country
Puzzle
Song
The Office
Pokémon
Your Account Isn't Verified!
In order to create a playlist on Sporcle, you need to verify the email address you used during registration. Go to your
Sporcle Settings
to finish the process.
Report this User
Report this user for behavior that violates our
Community Guidelines
.
Details:
Send Report
Go to the Sporcle.com Mobile Site →
Comments